Studying law / (Record no. 127842)

MARC details
000 -LEADER
fixed length control field 00663cam a2200241 a 4500
008 - FIXED-LENGTH DATA ELEMENTS--GENERAL INFORMATION
fixed length control field
020 ## - INTERNATIONAL STANDARD BOOK NUMBER
International Standard Book Number 0230573118 (pbk.)
049 ## - LOCAL HOLDINGS (OCLC)
Holding library MAIN
090 ## - LOCALLY ASSIGNED LC-TYPE CALL NUMBER (OCLC); LOCAL CALL NUMBER (RLIN)
Classification number (OCLC) (R) ; Classification number, CALL (RLIN) (NR) KD442
Local cutter number (OCLC) ; Book number/undivided call number, CALL (RLIN) ASK
003 - CONTROL NUMBER IDENTIFIER
control field
005 - DATE AND TIME OF LATEST TRANSACTION
control field 20250911093412.0
040 ## - CATALOGING SOURCE
Transcribing agency NUST
100 1# - MAIN ENTRY--PERSONAL NAME
Personal name Askey,Simon
245 10 - TITLE STATEMENT
Title Studying law /
Statement of responsibility, etc. Simon Askey and Ian McLeod.
250 ## - EDITION STATEMENT
Edition statement 2nd ed.
260 ## - PUBLICATION, DISTRIBUTION, ETC.
Place of publication, distribution, etc. Hampshire:
Name of publisher, distributor, etc. Palgrave Macmillan,
Date of publication, distribution, etc. c2006.
300 ## - PHYSICAL DESCRIPTION
Extent x, 222 p. ;
Dimensions 22 cm.
504 ## - BIBLIOGRAPHY, ETC. NOTE
Bibliography, etc. note Includes index.
650 #0 - SUBJECT ADDED ENTRY--TOPICAL TERM
Topical term or geographic name entry element Law
General subdivision Study and teaching
Geographic subdivision Great Britain.
700 ## - ADDED ENTRY--PERSONAL NAME
Personal name McLeod. Ian.
907 ## - LOCAL DATA ELEMENT G, LDG (RLIN)
a .b10349352
b 24-11-14
c 17-11-14
942 ## - ADDED ENTRY ELEMENTS (KOHA)
Koha item type Ordinary Loan Books
Call number prefix KD442
Call number suffix ASK
Koha issues (borrowed), all copies 1
Holdings
Date last seen Total Checkouts Full call number Barcode Date last checked out Cost, replacement price Price effective from Koha item type Lost status Source of classification or shelving scheme Damaged status Not for loan Collection Withdrawn status Home library Current library Shelving location Date acquired Cost, normal purchase price
01/06/2026 3 KD442 ASK 92004039939 09/11/2025 80.00 01/23/2023 BOOKS   LCC     NFIC   MAIN MAIN GEN 01/23/2023 80.00